Trắc địa trong xây dựng

TM tài liệu tham khảo tr. 306 - 307; Giới thiệu công tác trắc địa trong các công trình xây dựng gồm: Định vị điểm, định hướng đường thẳng, bản đồ địa hình, sử dụng bản đồ, tính toán trắc địa, đo góc, đo dài, đo cao, lưới khống chế mặt bằ...

ver descrição completa

Na minha lista:
Detalhes bibliográficos
Autor principal: Phạm, Văn Chuyên
Formato: Livro
Idioma:Undetermined
Publicado em: H. Giao thông vận tải 2013
Assuntos:
Acesso em linha:http://lrc.tdmu.edu.vn/opac/search/detail.asp?aID=2&ID=20209
Tags: Adicionar Tag
Sem tags, seja o primeiro a adicionar uma tag!
Thư viện lưu trữ: Trung tâm Học liệu Trường Đại học Thủ Dầu Một
LEADER 01047nam a2200205Ia 4500
001 TDMU_20209
008 210410s9999 xx 000 0 und d
082 |a 624.1 
090 |b PH104 
100 |a Phạm, Văn Chuyên 
245 0 |a Trắc địa trong xây dựng 
245 0 |c Phạm Văn Chuyên 
260 |a H. 
260 |b Giao thông vận tải 
260 |c 2013 
300 |a 316 tr. 
520 |a TM tài liệu tham khảo tr. 306 - 307; Giới thiệu công tác trắc địa trong các công trình xây dựng gồm: Định vị điểm, định hướng đường thẳng, bản đồ địa hình, sử dụng bản đồ, tính toán trắc địa, đo góc, đo dài, đo cao, lưới khống chế mặt bằng...  
650 |a Trắc địa  |x Phương pháp tính toán; Xây dựng  |x Trắc địa 
856 |u http://lrc.tdmu.edu.vn/opac/search/detail.asp?aID=2&ID=20209 
980 |a Trung tâm Học liệu Trường Đại học Thủ Dầu Một